000 01016nam a2200241Ia 4500
003 OSt
005 20220923224218.0
006 a|||||r|||| 00| 0
007 ta
008 220922b |||||||| |||| 00| 0 hin d
024 _a229,027
037 _cTextual
040 _aARTS
_cARTS
_bhin
041 _2hin
_ahin
082 _aXv, 152P5-;1
100 _aह्मूबर्मन, लिओ; तोमर, नरेंद्र कुमार, अनु.
_9167840
245 0 _aमनुष्य की लौकिक संपदा
_b राष्ट्रों की संपत्ति की कहानी
246 _ahinuṣhya kī laukik sanpadā: rāṣhṭroan kī sanpatti kī kahānī
260 _aनई दिल्ली
_b ग्रंथ शिल्पी
_c2005
300 _a335पृ.
_ccm.
942 _hXv, 152P5-;1
_cTEXL
_2CC
999 _c370024
_d370024